书目信息 |
| 题名: |
意外的时间机器
|
|
| 作者: | 霍尔德曼 , 乔·霍尔德曼 著 ;高天羽 译 | |
| 分册: | ||
| 出版信息: | 北京 中国妇女出版社 2010.10 |
|
| 页数: | 209页 | |
| 开本: | 23cm | |
| 丛书名: | ||
| 单 册: | ||
| 中图分类: | I712.45 | |
| 科图分类: | ||
| 主题词: | 长篇小说 , 科学幻想小说--美国--现代 , 长篇小说--美国--现代 , 科学幻想小说 | |
| 电子资源: | ||
| ISBN: | 978-7-5127-0064-2 | |
| 000 | 01088nam0 2200313 450 | |
| 001 | 1159915651 | |
| 005 | 20111228112539.92 | |
| 010 | @a978-7-5127-0064-2@dCNY24.00 | |
| 090 | @aI712.45@bhed | |
| 096 | @aI712.45@bhed | |
| 100 | @a20101027d2010 em y0chiy50 ea | |
| 101 | 1 | @achi@ceng |
| 102 | @aCN@b110000 | |
| 105 | @ay z 000ay | |
| 200 | 1 | @a意外的时间机器@b专著@dThe accidental time machine@f(美)乔·霍尔德曼(Joe Haldeman)著@F(mei)qiao·huo er de man(Joe Haldeman)zhu@g高天羽译@zeng@9yi wai de shi jian ji qi |
| 210 | @a北京@c中国妇女出版社@d2010.10 | |
| 215 | @a209页@d23cm | |
| 300 | @a最终幻想联盟 09 | |
| 510 | 1 | @aAccidental time machine@zeng |
| 606 | 0 | @a长篇小说 |
| 606 | 0 | @a科学幻想小说@y美国@z现代 |
| 606 | 0 | @a长篇小说@y美国@z现代 |
| 606 | 0 | @a科学幻想小说 |
| 690 | @aI712.45@v4 | |
| 701 | 0 | @c(美)@a霍尔德曼@c(Haldeman, Joe@f1943~)@4著@9huo er de man |
| 701 | 0 | @a乔·霍尔德曼@Aqiao·huo er de man@bJoeHaldeman@4著 |
| 702 | 0 | @a高天羽@4译@9gao tian yu |
| 801 | 0 | @aCN@b大连网信软件有限公司图书馆·11@c20111228 |
| 905 | @aZUCC@dI712.45@eH964 | |
| 意外的时间机器=The accidental time machine/(美)乔·霍尔德曼(Joe Haldeman)著/高天羽译.-北京:中国妇女出版社,2010.10 |
| 209页;23cm |
| 最终幻想联盟 09 |
| ISBN 978-7-5127-0064-2:CNY24.00 |
| ● |
| 相关链接 |
|
|
|
正题名:意外的时间机器
索取号:I712.45/H964
 
预约/预借
| 序号 | 登录号 | 条形码 | 馆藏地/架位号 | 状态 | 备注 |
| 1 | 843302 | 208433024 | 文学库116/116文学库 27排2列3层/ [索取号:I712.45/H964] | 在馆 | |
| 2 | 843885 | 208438859 | 社科二线422/422社科库 31排1列2层/ [索取号:I712.45/H964] | 在馆 | |
| 3 | 843886 | 208438868 | 文学库116/116文学库 27排2列3层/ [索取号:I712.45/H964] | 在馆 |